[Event "Chess24 Legends of Chess"]
[Site "Online"]
[Date "2020.07.18"]
[Round "8.5"]
[White "Leko, Peter"]
[Black "Gelfand, Boris"]
[Result "0-1"]
[WhiteElo "2710"]
[BlackElo "2702"]
[Annotator "TA"]
[PlyCount "106"]
[EventDate "2020.07.21"]
[EventType "tourn"]
[SourceTitle "playchess.com"]
[Source "ChessBase"]
[SourceQuality "1"]

{[%evp 10,106,21,18,32,24,29,17,20,28,16,24,29,27,45,43,53,25,42,0,50,36,39,45,47,20,54,9,56,32,46,16,25,-31,-47,-84,-82,-87,-41,-50,-37,-78,-14,-12,0,-10,-6,-12,-14,-8,0,-12,-16,-43,-43,-55,0,0,0,0,0,0,0,0,0,0,0,-14,0,-10,111,0,0,-129,0,-106,-110,-250,-248,-552,-533,-893,-866,-6536,-807,-781,0,-875,-818,-5002,-3169,-29983,-29984,-29995,-29996,-29996,-29997,-29998,-29999]} 1. e4 c5 2. Nf3 Nc6 3. Bb5 e6 4. O-O Nge7 5. d4 cxd4 6. Nxd4 Ng6 {B30: Sicilian: 2...Nc6 3 Bb5, lines without ...g6.} 7. Be2 Be7 8. Nb3 (8. c4 Nxd4 9. Qxd4 O-O 10. Nc3 b6 11. Be3 Bb7 12. Rfd1 Bc6 13. Rac1 f5 14. exf5 Nh4 15. fxe6 Nxg2 16. Nd5 Nxe3 17. Nxe7+ Qxe7 18. Qxe3 dxe6 {½-½ (36) Leko,P (2702)-Gelfand,B (2719) Hengshui 2019}) 8... O-O {The position is equal.} 9. c4 b6 10. Nc3 Bb7 11. Be3 {[#]} Qc7 $146 ({Predecessor:} 11... f5 12. exf5 Rxf5 13. f4 Rf7 14. g3 Nb4 15. Qd2 Na6 16. Rad1 Nc5 17. Nb5 Qc8 18. Nxc5 Bxc5 {1-0 (38) Ivanchuk,V (2728)-Moiseenko,A (2649) Izmir 2016}) 12. f4 Rad8 13. Rc1 Qb8 14. Qd2 d6 15. g3 Rfe8 16. Bf3 Bf6 17. Rfd1 Nf8 18. Bf2 Be7 19. Qe2 Nd7 20. Nd2 Bf6 21. a3 (21. Bg2 $11) 21... Nd4 $15 22. Qe3 Nxf3+ 23. Qxf3 Qa8 24. Qe2 Bxc3 25. Rxc3 Nf6 (25... f5 $1 $17) 26. Re1 $11 d5 {[%cal Rd5e4]} 27. e5 Ne4 28. Nxe4 dxe4 29. Be3 Rd7 30. Kf2 Red8 31. Rec1 Rd3 32. b4 Rxc3 (32... R8d7 $15) 33. Rxc3 Rd3 34. Qc2 h6 35. b5 Qd8 36. Ke2 Rd7 37. a4 f6 38. c5 bxc5 39. Rxc5 Qe8 (39... f5 $11) 40. Ke1 (40. exf6 $1 $16 gxf6 41. Rc7) 40... Rd3 $36 {[%mdl 2048] Black has the initiative.} 41. Qe2 {[#]} (41. Rc3 $11) 41... Qe7 ({Black should try} 41... fxe5 $1 $17 42. fxe5 Ra3) 42. Kf2 (42. exf6 $1 $11 {keeps the balance.} Qxf6 43. Rc1) 42... fxe5 $17 43. Rxe5 (43. fxe5 $17 Ra3 44. Rc1) 43... Bd5 $19 44. a5 $2 (44. Qc2 {is more resistant.} Qb4 45. Bc5 Rf3+ 46. Kg2) 44... Qb4 45. g4 Rb3 46. Kg3 Rb2 (46... Qa3 $142 47. Kf2 Rb2 48. Qxb2 Qxb2+ 49. Kg3 Qe2) 47. Qd1 {[#]} Rb3 $2 (47... Qc3 $1 $19 {[%mdl 512]} 48. Qd4 Qe1+ 49. Bf2 Qe2) 48. Qc1 $2 {[%mdl 8192]} (48. Qe2 $11 Qa3 49. Kf2) 48... Rc3 49. Qd2 Qb3 50. Kf2 {[#]} Rc2 $1 {[%mdl 512] Black mates.} 51. b6 Rxd2+ 52. Bxd2 Qf3+ {[%mdl 64] Double Attack} 53. Ke1 Bc4 {Accuracy: White = 47%, Black = 71%.} 0-1

[Event "Chess24 Legends of Chess"]
[Site "Online"]
[Date "2020.07.18"]
[Round "8.5"]
[White "Ivanchuk, Vasyl"]
[Black "Giri, Anish"]
[Result "1-0"]
[WhiteElo "2686"]
[BlackElo "2731"]
[Annotator "TA"]
[PlyCount "109"]
[EventDate "2020.07.21"]
[EventType "tourn"]
[SourceTitle "playchess.com"]
[Source "ChessBase"]
[SourceQuality "1"]

{[%evp 19,109,41,33,19,23,19,30,13,23,4,23,12,22,33,59,50,57,29,65,60,50,43,69,63,69,69,66,85,124,122,127,127,130,122,124,121,135,135,143,133,136,136,143,126,133,133,133,133,197,107,130,118,122,77,152,152,264,239,259,259,266,270,270,14,14,14,14,72,463,345,717,672,738,647,895,873,622,462,2010,1836,1655,1506,4618,4614,2964,2700,2462,2264,29976,29977,5808,5542]} 1. Nf3 d5 2. d4 Nf6 3. c4 c6 4. Nc3 dxc4 5. a4 Bf5 6. e3 e6 7. Bxc4 Bb4 8. O-O O-O 9. Nh4 Bg6 10. Nxg6 hxg6 11. Qc2 {D18: Slav Defence: 5 a4 Bf5 6 e3.} Nbd7 12. Rd1 Qe7 13. a5 {[#] White has an edge.} Rac8 $146 ({Predecessor:} 13... Rad8 14. Bd2 c5 15. Qb3 Nb8 16. dxc5 Bxc5 17. Be2 Nc6 18. Bf3 Rc8 19. Ne4 Nxe4 20. Bxe4 Rc7 21. Rac1 Rfc8 22. g3 Bd6 23. h4 Nxa5 24. Rxc7 Bxc7 25. Bxa5 {½-½ (25) Korobov,A (2648)-Romanov,E (2599) Moscow 2010}) 14. Bd2 Rfd8 15. Be1 Bd6 16. g3 b5 17. axb6 $1 axb6 18. Ba6 Rc7 19. Bf1 b5 20. Bg2 b4 21. Na4 c5 22. dxc5 Nxc5 23. Bxb4 Nxa4 24. Qxa4 {Ba5 is the strong threat.} Bxb4 25. Rxd8+ Qxd8 26. Qxb4 Rc8 27. h4 Nd5 28. Qd4 Rb8 29. Bxd5 exd5 $16 {[%mdl 4096] Endgame KQR-KQR} 30. b4 Qe7 31. Qc5 Qb7 32. Rb1 Rc8 33. Qd6 $36 {[%mdl 2048] Black is under strong pressure.} Qb5 34. Qe5 (34. Rd1 $18) 34... Rc4 35. Qb2 f6 36. Qa3 Kh7 (36... d4 $142) 37. Qa5 Qxa5 (37... Qb7 $16 {was necessary.} 38. b5 d4) 38. bxa5 {KR-KR} Ra4 39. Rb5 d4 40. exd4 Rxd4 41. a6 $2 {[#]} ({White should play} 41. Kf1 $18) 41... Ra4 $11 42. Rb6 {Black must now prevent Kf1.} Kh6 $1 43. Kf1 {Strongly threatening g4.} Ra2 $2 {[%mdl 8192] [#] This move loses the game for Black.} (43... g5 $16 {is more resistant.}) 44. g4 $1 $18 Ra4 $2 (44... Kh7 45. Kg2 g5) 45. f3 Ra2 46. Ke1 g5 47. h5 Kh7 48. Kd1 Kh6 (48... g6 $142 49. Rxf6 gxh5) 49. Kc1 Kh7 50. Kb1 Ra3 51. Kb2 Ra5 52. Kb3 Ra1 53. Kb4 Rb1+ 54. Kc5 Rc1+ 55. Kb5 {Accuracy: White = 83%, Black = 55%.} 1-0

[Event "Chess24 Legends of Chess"]
[Site "Online"]
[Date "2020.07.18"]
[Round "9.1"]
[White "Carlsen, Magnus"]
[Black "Kramnik, Vladimir"]
[Result "1/2-1/2"]
[WhiteElo "2881"]
[BlackElo "2756"]
[Annotator "TA"]
[PlyCount "84"]
[EventDate "2020.07.21"]
[EventType "tourn"]
[SourceTitle "playchess.com"]
[Source "ChessBase"]
[SourceQuality "1"]

{[%evp 13,84,18,22,22,21,14,29,26,35,18,19,20,21,21,21,19,19,19,35,29,47,45,33,3,45,52,37,39,75,40,101,95,100,111,166,167,162,152,392,389,363,283,258,248,227,228,477,453,352,166,152,127,177,187,180,174,138,12,0,0,0,0,0,0,0,0,0,0,0,0,0,0,0]} 1. e4 e5 2. Nf3 Nc6 3. Bc4 Bc5 4. O-O Nf6 5. d3 d6 6. c3 a6 7. a4 h6 8. Re1 $1 {8.Re1 scores better than 8.Nbd2. C54: Giuoco Piano: 4 c3 Nf6, main lines with 5 d4 and 5 d3.} O-O 9. Nbd2 Ba7 10. Nf1 {White has an edge.} Re8 11. Be3 Bxe3 12. Nxe3 Be6 13. Bxe6 Rxe6 14. b4 {[%cal Bb2b4,Bb4b5][%mdl 32]} a5 {[#]} 15. b5 $146 ({Predecessor:} 15. Rb1 axb4 16. cxb4 d5 17. b5 Nd4 18. exd5 Nxd5 19. Nxd5 Qxd5 20. Nxd4 Qxd4 21. Re4 {½-½ (29) Giri,A (2771)-Anand,V (2786) Leuven 2017}) 15... Ne7 16. Qc2 Ng6 17. g3 d5 18. c4 {[%cal Rc4d5]} c6 (18... d4 $5 {[%cal Rd4e3]} 19. Nf5 Nd7 $11) 19. cxd5 cxd5 20. Rac1 Re7 21. Qb3 {[%cal Re4d5]} Rd7 (21... dxe4 $14 22. dxe4 Rc7) 22. exd5 $16 Nxd5 23. Nc4 f6 (23... Nf6 $16) 24. d4 $18 {[%cal Rd4e5]} exd4 25. Nxd4 {And now Ne3 would win.} Nf8 $2 (25... Kh8 $16) 26. Rcd1 Kh7 27. Nc6 Qc7 28. N6xa5 Ng6 29. h4 Rxa5 $2 (29... Kh8 30. Rd4 Nge7) 30. Nxa5 Qxa5 {[#]} 31. Qd3 (31. Qc2 $142 $1 {h5 is the strong threat.} Nb4 32. Qb1) 31... Nb6 32. Qb1 Rxd1 33. Rxd1 {White wants to mate with h5.} h5 34. Rd4 {[%mdl 1024] White has strong compensation.} Qc3 {[#]} 35. Rd6 (35. Rd3 $1 $16 {[%cal Rd3c3]} Qe5 36. Qd1) 35... Nc4 $1 $36 {[%cal Rc4d6][%mdl 2048] Black is pushing.The position is equal.} ({Wrong is} 35... Nxa4 $2 36. Qd1 $18) 36. Rd3 Qe5 37. Rd7 b6 38. Qd1 Qf5 {aiming for ...Nce5.} 39. Qd3 Qh3 {Threatens to win with ...Nce5.} 40. Qd1 Qf5 {Strongly threatening ...Nce5.} 41. Qd3 Qe6 {Black wants to play ...Nce5!} 42. Qd1 Qf5 {White really could win this. Accuracy: White = 78%, Black = 66%.} 1/2-1/2

[Event "Chess24 Legends of Chess"]
[Site "Online"]
[Date "2020.07.18"]
[Round "9.1"]
[White "Ding, Liren"]
[Black "Leko, Peter"]
[Result "1-0"]
[WhiteElo "2836"]
[BlackElo "2710"]
[Annotator "TA"]
[PlyCount "129"]
[EventDate "2020.07.21"]
[EventType "tourn"]
[SourceTitle "playchess.com"]
[Source "ChessBase"]
[SourceQuality "1"]

{[%evp 11,129,14,26,23,20,26,29,8,40,12,18,4,21,20,39,39,33,21,30,24,19,17,56,44,61,63,68,42,35,56,56,39,136,68,154,162,151,142,151,147,154,150,147,151,136,127,216,220,214,213,208,211,253,237,260,208,251,245,246,257,261,196,259,247,251,143,267,176,176,172,125,159,219,214,274,272,262,255,254,238,714,779,737,727,681,661,533,526,641,617,733,812,966,931,1695,1281,29965,29965,29974,29975,29975,29976,29976,29972,29972,29973,29969,29974,29973,29975,29975,29976,29979,29980,29980,29981,29981,29982,29982,29983]} 1. e4 e5 2. Nf3 Nc6 3. Bc4 Bc5 4. d3 Nf6 5. O-O d6 6. c3 a6 7. Re1 {C54: Giuoco Piano: 4 c3 Nf6, main lines with 5 d4 and 5 d3.} Ba7 8. a4 O-O {The main line 8...0-0 scores better than 8...h6.} 9. h3 {White has an edge.} Ne7 10. d4 Ng6 11. Nbd2 exd4 12. cxd4 d5 13. exd5 Nxd5 14. Ne4 c6 15. Bg5 f6 16. Bd2 Kh8 17. Qb3 {[#]} Nge7 $146 ({Predecessor:} 17... Ngf4 18. Nc5 Rb8 19. Re4 Qd6 20. Bxf4 Nxf4 21. Qe3 Ng6 22. Re8 Bf5 23. Rxf8+ Nxf8 {1-0 (31) Fressinet,L (2662)-Saeed,I (2312) Sharjah 2017}) 18. Nc5 $36 {[%mdl 2048] White is pushing.} Rb8 19. Ne6 Bxe6 $1 20. Rxe6 Nc7 21. Re2 Nf5 (21... Ned5 $14) 22. Rd1 ({Better is} 22. Bf4 $1 $16) 22... Nd5 (22... b5 $14 23. Bd3 Nxd4 24. Nxd4 Bxd4) 23. Bxd5 $1 $16 Qxd5 24. Qxd5 cxd5 25. g4 $1 {[%cal Rg4f5]} Nd6 26. Bf4 Rbd8 27. Re7 Ne4 28. Rc1 Bb8 (28... Rfe8 $16 29. Rf7 (29. Rxb7 Bb8 $16) 29... Bb8 30. Bxb8 Rxb8) 29. Bxb8 $18 Rxb8 30. Rcc7 Rg8 31. Nh4 ({Don't do} 31. Rxb7 $6 Rbc8 $16) 31... Nd6 32. Rcd7 Nc8 33. Re6 Na7 34. Nf5 ({Don't play} 34. Rxd5 $6 Rgd8 $16) 34... Nc6 35. Rxd5 Rge8 36. Rxe8+ Rxe8 {[%mdl 4096] Endgame KRN-KRN} 37. Rd7 g6 38. Ne3 (38. Nd6 $1 $18 {[%cal Rd6e8]} Re1+ 39. Kg2) 38... Re4 (38... Re7 $16 39. Rd6 Kg7) 39. Nd5 Rxd4 40. Nxf6 {[%csl Gf6][%cal Rd7h7]} Rxd7 41. Nxd7 {KN-KN} b5 (41... Nb4 $16 42. Ne5 Kg7) 42. Nc5 Nb4 43. axb5 axb5 44. f4 Nd5 45. Nd3 $1 h5 $2 (45... Kg7 46. Kg2 Kf6) 46. g5 Kg7 47. Kf2 Kf7 48. Kf3 Ke6 49. Ke4 Ne7 50. Ne5 Kd6 51. b4 Nd5 52. Nxg6 Nxb4 53. f5 Nd5 54. f6 {White mates.} Nxf6+ 55. gxf6 {KN-KPP} Ke6 56. Nf4+ Kxf6 57. Nxh5+ {KN-KP} Kg5 58. Nf4 Kh4 {[#]} 59. Kf3 $1 {[%cal Rf3f2]} b4 {[#]} 60. Kg2 $1 {[%cal Rg2h2]} b3 61. Nd3 Kh5 62. Kg3 Kg5 63. h4+ Kf5 64. Kf3 Ke6 65. Nc5+ {[%mdl 64] Double Attack. Accuracy: White = 84%, Black = 58%.} 1-0

[Event "Chess24 Legends of Chess"]
[Site "Online"]
[Date "2020.07.18"]
[Round "9.1"]
[White "Svidler, Peter"]
[Black "Giri, Anish"]
[Result "1/2-1/2"]
[WhiteElo "2742"]
[BlackElo "2731"]
[Annotator "TA"]
[PlyCount "102"]
[EventDate "2020.07.21"]
[EventType "tourn"]
[SourceTitle "playchess.com"]
[Source "ChessBase"]
[SourceQuality "1"]

{[%evp 10,102,16,9,0,8,13,12,4,8,12,15,10,12,22,9,35,10,2,0,1,-9,-8,-7,0,0,8,7,53,52,49,54,64,56,61,44,39,40,35,28,52,55,51,37,100,101,93,108,101,99,120,110,128,25,21,19,16,14,14,14,14,12,18,12,9,9,22,17,16,5,14,5,16,6,9,10,16,10,7,5,5,5,5,5,6,0,0,0,0,0,0,0,0,0,0]} 1. c4 e5 2. g3 c6 3. Nf3 e4 4. Nd4 d5 5. cxd5 Qxd5 6. e3 Bc5 {A20: English Opening: 1...e5.} 7. Nc3 Qe5 8. d3 exd3 9. Qxd3 Nf6 10. Bg2 O-O 11. O-O Rd8 {[#]} 12. Nce2 $146 ({Predecessor:} 12. Qc2 Na6 13. a3 Qh5 14. Nce2 Bxd4 15. Nxd4 Bh3 16. Bxh3 Qxh3 17. f3 c5 18. Ne2 {1-0 (45) Svidler,P (2723)-Vidit,S (2726) chess24.com INT 2020}) 12... Bb6 13. Qc2 Na6 14. Bd2 Qc5 15. Qb3 Qe7 16. Rfd1 Bg4 17. h3 Bh5 {Black wants to play ...Bxd4.} 18. Nf5 Qc7 19. g4 $36 {[%mdl 2048] White has good play.} Bg6 20. Neg3 Nc5 21. Qc4 Ne6 22. Bc3 Rxd1+ 23. Rxd1 Rd8 24. Qa4 Nc5 25. Qc2 Rxd1+ 26. Qxd1 Qd8 (26... Bxf5 $14 27. Nxf5 Ne8) 27. Qxd8+ $16 Bxd8 28. Bd4 Bb6 {[#]} 29. Nd6 $1 Nfd7 30. b4 Nd3 31. Bc3 ({Don't play} 31. Nxb7 Nxb4 32. a3 Bxd4 $14) ({Better is} 31. a3 $16) 31... Nc1 $1 $11 32. Bd2 {The position is equal.} Nxa2 33. Nxb7 c5 34. bxc5 Nxc5 35. Na5 Nc1 36. Nf5 Bxf5 37. gxf5 N1b3 38. Nxb3 Nxb3 {[%mdl 4096] Endgame KBB-KBN} 39. Bc3 a5 40. Bd5 Nc5 41. Kf1 Bd8 42. Ke2 g6 43. fxg6 hxg6 44. f4 Kf8 45. e4 Ne6 46. Kf3 a4 47. f5 gxf5 48. exf5 Ng5+ 49. Kg4 {Bb4+ is the strong threat.} Nh7 50. h4 Nf6+ 51. Bxf6 $1 Bxf6 {Accuracy: White = 92%, Black = 93%.} 1/2-1/2

[Event "Chess24 Legends of Chess"]
[Site "Online"]
[Date "2020.07.18"]
[Round "9.1"]
[White "Gelfand, Boris"]
[Black "Nepomniachtchi, Ian"]
[Result "0-1"]
[WhiteElo "2702"]
[BlackElo "2778"]
[Annotator "TA"]
[PlyCount "134"]
[EventDate "2020.07.21"]
[EventType "tourn"]
[SourceTitle "playchess.com"]
[Source "ChessBase"]
[SourceQuality "1"]

{[%evp 23,134,19,26,16,37,26,22,22,29,27,45,40,80,12,0,0,0,0,0,0,50,50,52,54,54,8,8,0,0,0,0,0,0,0,0,0,0,-52,-60,-66,-66,-68,-67,-75,-75,-62,-70,-64,-75,-62,-63,-87,-79,-114,-113,-113,-113,-130,-129,-131,-91,-72,-75,-110,-110,-110,-83,-106,-104,-110,-106,-106,-90,-116,-80,-81,-81,-88,-8,-39,-12,-22,-10,-90,-63,-63,-62,-460,-457,-406,-377,-529,-513,-474,-420,-464,-436,-620,-620,-1038,-985,-879,-777,-587,-579,-552,-514,-4943,-4622,-7185,-6191,-4943,-4943]} 1. d4 Nf6 2. c4 g6 3. Nc3 d5 4. cxd5 Nxd5 5. e4 Nxc3 6. bxc3 Bg7 7. Bc4 c5 8. Ne2 Nc6 9. Be3 O-O 10. O-O Bg4 11. f3 Bd7 $1 {[%mdl 4] now scores much better than the old 11...Na5. Played by Ian Nepomniachtchi in May 2020.} 12. Rb1 Qc7 13. Qd2 {D87: Exchange Grünfeld: Classical Line: Variations without ...cxd4.} Rfd8 14. Bd3 Be8 {[%cal Rc5d4] [#]} 15. d5 $146 {The position is equal.} ({Predecessor:} 15. Rfc1 e6 16. Bg5 Rd7 17. f4 a6 18. e5 Qa5 19. Qe3 Qa4 20. dxc5 h6 21. Bf6 {½-½ (31) Peralta,F (2572)-Abdumalik,Z (2457) Vienna 2019}) 15... Ne5 16. c4 a6 17. Rfc1 Rac8 18. f4 (18. Nf4 $16) 18... Nxd3 $11 19. Qxd3 b5 20. cxb5 Bxb5 21. Qd2 c4 {[#] ...c3 is the strong threat.} 22. Nc3 Rb8 23. e5 f6 24. d6 exd6 25. exf6 Bxf6 26. Nd5 Qf7 27. Nxf6+ Qxf6 28. Bd4 Qf5 29. Ba1 {Hoping for Qc3.} Qd3 {[#]} 30. Qf2 (30. Qb2 $1 $11 {[%mdl 512]} c3 {[%mdl 64] Decoy} 31. Rxc3 Qd4+ {[%mdl 64] Double Attack} 32. Qf2 Qxf2+ 33. Kxf2) 30... Bc6 $15 31. Qa7 {[%csl Ga1][%cal Ra7g7]} Rb7 $1 {[%cal Rb7a7]} 32. Rxb7 Bxb7 33. Qd4 Qxd4+ 34. Bxd4 $17 {[%mdl 4096] Endgame KRB-KRB} Rc8 35. Kf2 Be4 36. g4 Kf7 37. Ke3 Bd3 38. Kd2 Ke6 39. Re1+ Kd5 40. Bf6 Rf8 41. g5 Rb8 42. Kc3 a5 43. h4 Rb7 44. Re7 Rb1 45. Ra7 Rc1+ 46. Kb2 Rc2+ 47. Ka3 Ke4 48. Rxa5 d5 ({Resist} 48... Kxf4 49. Rd5 $15) 49. Ra7 Kxf4 50. Rxh7 Kg4 ({Better is} 50... Rh2 $17 51. Re7 Kf3) 51. Ra7 Be4 52. Kb4 Rc1 53. Rc7 (53. Ra3 $11 {keeps the balance.}) 53... Kxh4 54. a4 Rb1+ 55. Kc5 $2 {[%mdl 8192] Now White is beyond hope.} (55. Ka3 $1 $15) 55... Rb3 $19 56. Kd6 Ra3 57. Ke5 (57. Kc5 $142 Rxa4 58. Rh7+ Kg3 59. Kb5) 57... Kg4 58. Be7 Rxa4 59. Rc8 Ra7 {Black is clearly winning.} 60. Bf6 (60. Bb4 $142) 60... Ra3 61. Kd6 Kf3 62. Rh8 Ke2 63. Rh2+ Kd1 64. Kc5 Rb3 ({Weaker is} 64... c3 65. Kb4 $15) 65. Rf2 (65. Rb2 $142) 65... c3 66. Rf1+ Ke2 67. Rc1 c2 {Accuracy: White = 58%, Black = 80%.} 0-1

[Event "Chess24 Legends of Chess"]
[Site "Online"]
[Date "2020.07.18"]
[Round "9.1"]
[White "Ivanchuk, Vasyl"]
[Black "Anand, Viswanathan"]
[Result "1/2-1/2"]
[WhiteElo "2686"]
[BlackElo "2751"]
[Annotator "TA"]
[PlyCount "113"]
[EventDate "2020.07.21"]
[EventType "tourn"]
[SourceTitle "playchess.com"]
[Source "ChessBase"]
[SourceQuality "1"]

{[%evp 11,113,8,28,30,47,39,46,37,41,41,59,56,56,53,46,57,56,40,56,25,42,25,28,25,25,22,25,27,33,22,20,20,17,20,20,18,21,14,34,30,29,15,14,14,15,14,22,0,16,0,0,0,0,0,0,0,0,0,0,0,0,0,0,0,0,0,0,0,0,0,0,0,0,0,0,0,0,0,0,0,0,0,0,0,0,0,0,0,0,0,0,0,0,0,0,0,0,0,0,0,0,0,0,0]} 1. d4 Nf6 2. c4 e6 3. Nf3 d5 4. Nc3 Bb4 5. a3 Bxc3+ 6. bxc3 dxc4 7. e3 {[#] D38: Queen's Gambit Declined: Ragozin Defence (4 Nf3 Bb4).} Qd5 $146 ({Predecessor:} 7... c5 8. Bxc4 Qc7 9. Be2 O-O 10. Bb2 b6 11. c4 cxd4 12. exd4 Nbd7 13. O-O Bb7 14. Re1 Rac8 {0-1 (24) Ivanchuk,V (2710)-Wojtaszek,R (2727) Huaian 2016}) 8. Nd2 O-O 9. Nxc4 {White is slightly better.} b6 10. f3 c5 11. e4 Qc6 12. Be3 Ba6 13. Rc1 Rd8 14. Be2 Qc7 15. O-O Nc6 16. Qa4 Na5 17. Rfe1 Bxc4 18. Bxc4 Nxc4 19. Qxc4 Rac8 20. Red1 cxd4 21. Qxc7 Rxc7 22. cxd4 Rdc8 23. Kf1 Kf8 24. Ke2 Ke7 25. Kd3 Rxc1 26. Rxc1 Rxc1 {The position is equal.} 27. Bxc1 $11 {[%mdl 4096] Endgame KB-KN} Ne8 28. a4 Kd7 29. g4 a6 30. Bf4 f6 31. h4 Nd6 32. h5 g6 33. hxg6 hxg6 34. Kc3 f5 35. Kd3 fxe4+ 36. fxe4 Nf7 37. Kc4 e5 38. dxe5 Ke6 39. Kd4 Nd8 40. Kc3 Nc6 41. Be3 b5 42. axb5 axb5 43. Bf4 Nxe5 44. g5 Nc6 45. Bg3 Kd7 46. Bf2 Nd8 47. Bb6 {[#] Black must now prevent Bxd8.} Ne6 48. Kb4 Kc6 49. Be3 Nc7 50. Kc3 Na6 51. Kd4 Nc5 52. Ke5 b4 53. Kf6 b3 54. Bd4 Nxe4+ 55. Kxg6 Nxg5 56. Kxg5 b2 57. Bxb2 {Accuracy: White = 98%, Black = 100%.} 1/2-1/2

[Event "Chess24 Legends of Chess"]
[Site "Online"]
[Date "2020.07.18"]
[Round "9.2"]
[White "Nepomniachtchi, Ian"]
[Black "Gelfand, Boris"]
[Result "0-1"]
[WhiteElo "2778"]
[BlackElo "2702"]
[Annotator "TA"]
[PlyCount "176"]
[EventDate "2020.07.21"]
[EventType "tourn"]
[SourceTitle "playchess.com"]
[Source "ChessBase"]
[SourceQuality "1"]

{[%evp 9,176,-15,0,0,12,0,0,0,0,0,0,0,3,0,-11,-7,0,0,14,-14,0,-38,-27,-25,-29,-62,-56,-54,-50,-107,-110,-144,-143,-134,-139,-139,-147,-146,-138,-168,-142,-129,-140,-138,-123,-132,-124,-126,-134,-122,-116,-123,-102,-99,-103,-120,-67,-85,-83,-150,-142,-140,-120,-183,-188,-158,-149,-177,-175,-158,-157,-163,-117,-128,-133,-125,-123,-120,0,-18,0,-112,0,-104,-70,-85,-47,-70,-14,-51,0,0,-8,-361,-383,-344,0,-5,0,-601,-649,-554,-608,-1112,-1091,-854,-712,-1989,-1633,-1511,-1204,-2670,-2935,-1862,-1547,-1700,-1620,-1272,-722,-6917,-2955,-2425,-972,-2154,-6813,-3154,-3362,-12841,-12842,-12837,0,-341,-341,-12840,-12839,-12842,-12835,-12835,-12835,-12831,-2222,-12843,-12842,-12842,-12843,-12843,-12840,-12840,-12841,-12841,-12835,-12829,-12833,-12836,-12832,-12843,-12838,-12838,-12839,-12839,-12837,-12837,-12838,-12841,-12842,-12842,-12841,-12841,-12842]} 1. e4 c5 2. a3 g6 3. Bc4 Bg7 4. h4 e6 5. Nc3 Ne7 {[#]} 6. h5 $146 {B20: Sicilian: Unusual White 2nd moves.} ({Predecessor:} 6. d3 d5 7. Ba2 h6 8. Qf3 d4 9. Nce2 Nbc6 10. Qg3 e5 11. f4 Qd6 12. Nf3 {½-½ (46) Bezgodov,A (2482)-Bologan,V (2672) Khanty-Mansiysk 2013}) 6... d5 7. Ba2 d4 8. Nce2 {The position is equal.} d3 $1 {[%cal Rd3e2]} 9. cxd3 Qxd3 10. Nf3 Nbc6 11. Bb1 Qd6 12. d3 b6 13. Bf4 e5 14. Be3 Bg4 15. h6 Bf6 $36 {[%mdl 2048] Black has some pressure.} 16. Ba2 Rd8 17. Nc3 O-O 18. Bc4 Nd4 19. Bxd4 (19. Rc1 $15) 19... cxd4 $17 20. Nd5 Nxd5 21. Bxd5 {[#]} Bg5 $1 {[%mdl 512]} 22. Qa4 (22. Nxg5 Bxd1) 22... Bxf3 $1 23. gxf3 Qf6 24. Rh3 Rxd5 25. exd5 Qf5 $1 {[%csl LRd3,LRh3][%cal Rf5h3][%mdl 64] Double Attack} 26. Rg3 Bf4 (26... Bxh6 27. Ke2 $15) 27. Rg4 Qxd3 {[#]} 28. Rxf4 $1 {[%mdl 512]} exf4 {[%mdl 4096] Endgame KQR-KQR} 29. Rd1 Qxf3 30. Qxd4 {[%csl Gh6][%cal Rd4g7]} Qh1+ $1 ({Much less strong is} 30... Re8+ 31. Kd2 $11) 31. Kd2 {[%csl Gh6][%cal Rd4g7]} Qxh6 32. d6 Rd8 (32... f3+ $17 33. Kc2 Rd8) 33. Qf6 $15 Qf8 34. Kc2 (34. Ke2 $142 Qe8+ 35. Kf3) 34... Qe8 35. Kb1 Rd7 36. Ka1 (36. Qxf4 $17 {keeps fighting.} Qe6 37. Qd4) 36... Qe6 $19 37. Qxf4 Kg7 38. Qd2 h5 39. Qc3+ Kh7 40. Qd4 Qg4 41. f4 Qe6 42. a4 Kg8 43. Rd3 Qe1+ (43... f6 $17 44. Rd1 Kh7) 44. Ka2 $11 Qe6+ ({Better is} 44... Kh7 $11) 45. Ka1 $1 $17 Kh7 (45... Rd8 $17 46. d7 a6) 46. b3 (46. Rd1 $11) 46... f6 47. Ka2 Kg7 48. Rd2 Kf7 (48... Kh6 $15) 49. Qc3 h4 (49... Qe8 $15) 50. Qc6 $11 Kg7 51. f5 $2 {[%mdl 8192]} (51. Qc8 $11 {and White has nothing to worry.}) 51... Qxf5 $19 52. Re2 Kh6 $2 (52... a5 $1 $19 {Hoping for ...h3.} 53. Re7+ Rxe7 54. dxe7 Qf2+ 55. Ka3 Qd4 56. e8=N+ Kf7) 53. Re7 $11 Rd8 {And now ...Qc5 would win.} 54. Qc1+ $2 {[%mdl 8192] Black continues to play with concentration.} (54. d7 $11) 54... g5 $19 55. Qd2 h3 56. d7 Kg6 57. Kb2 g4 {Strongly threatening ...g3.} 58. Ka2 a6 59. Kb2 b5 60. b4 bxa4 61. Ka3 g3 62. Re3 g2 63. Rg3+ Kf7 $1 ({Inferior is} 63... Kh7 64. Qd4 $11) 64. Qa2+ Qe6 65. Qc2 f5 {White must now prevent ...a5.} 66. Qb2 Qf6 67. Qa2+ Ke7 68. Re3+ Kf8 69. Rg3 Rxd7 $2 ({Black should try} 69... h2 $19 70. Rg8+ Ke7 71. Qe2+ Kxd7 72. Qd1+ {[#]} Kc7 $1 {[%mdl 512]} 73. Qc1+ Qc6 74. Qf4+ Kb7 75. Rxd8 Qc3+ 76. Kxa4 Qc7 $1 {[%mdl 512]} 77. Qf3+ Qc6+ 78. Qxc6+ Kxc6 79. Rc8+ Kb7 80. Rf8 g1=Q 81. Rf7+ Kc6 82. Rh7 h1=Q 83. Rxh1 Qxh1 84. b5+ axb5+ 85. Ka3 Qc1+ 86. Ka2 Kc5 87. Kb3 b4 88. Ka2 Kb5 89. Kb3 Qb1#) 70. Qg8+ $2 {[%mdl 8192]} (70. Rg8+ $1 $11 Ke7 71. Qe2+ Qe6 72. Re8+ Kxe8 73. Qxe6+ Kd8 74. Qf6+ Kc7 75. Qe5+ Rd6 76. Qc5+ Kd7 77. Qxf5+ Kc7 78. Qf7+ Kd8 79. Qf8+ Kd7 80. Qf7+ Kc6 81. Qe8+ Kd5 82. Qh5+ Kd4 83. Qg4+ Ke5 84. Qg3+ Ke4 85. Qg4+ Kd5 86. Qf5+ Kd4 87. Qg4+ Ke5 88. Qh5+ Kf6 89. Qh6+ Ke5 90. Qg5+ Ke6 91. Kxa4) 70... Ke7 71. Re3+ $2 (71. Rg7+ Qxg7 {[%mdl 64] Deflection, Promotion} 72. Qxg7+ Ke6 73. Qh6+ Kd5 74. Qe3) 71... Kd6 {( -> ...Qa1+). Black is clearly winning.} 72. Qb8+ Kd5 {[%cal Rf6a1]} 73. Qg8+ Kd4 74. Re1 Rg7 75. Qb8 g1=Q 76. Rxg1 Rxg1 77. Qa7+ Ke4 {[%cal Rg1a1]} 78. Qxg1 {KQ-KQ} Qc3+ 79. Kxa4 Qe3 80. Qh1+ Kf4 81. Qf1+ Kg4 82. Qxa6 h2 83. Qg6+ Qg5 84. Qc6 Qf4 85. Qg2+ Kh4 86. Ka5 Qe5+ 87. Kb6 Qd4+ 88. Kb5 Qg1 {Accuracy: White = 61%, Black = 80%.} 0-1